| 000 | 01392nam a2200349Ia 4500 | ||
|---|---|---|---|
| 001 | ebr10281517 | ||
| 003 | CaPaEBR | ||
| 006 | m u | ||
| 007 | cr cn||||||||| | ||
| 008 | 010801s2001 paua sb 001 0 eng d | ||
| 010 | _z 00066672 | ||
| 020 | _z9781566398657 | ||
| 020 | _z1566398657 (cloth : alk. paper) | ||
| 020 | _z1566398665 (pbk. : alk. paper) | ||
| 040 |
_aCaPaEBR _cCaPaEBR |
||
| 035 | _a(OCoLC)318215865 | ||
| 050 | 1 | 4 |
_aNX514.A1 _bE36 2001eb |
| 245 | 0 | 4 |
_aThe effects of the nation _h[electronic resource] : _bMexican art in an age of globalization / _cedited by Carl Good and John V. Waldron. |
| 260 |
_aPhiladelphia : _bTemple University Press, _c2001. |
||
| 300 |
_avi, 222 p. : _bill. |
||
| 504 | _aIncludes bibliographical references and index. | ||
| 533 |
_aElectronic reproduction. _bPalo Alto, Calif. : _cebrary, _d2009. _nAvailable via World Wide Web. _nAccess may be limited to ebrary affiliated libraries. |
||
| 650 | 0 | _aArts, Mexican. | |
| 650 | 0 |
_aArts, Mexican _y20th century. |
|
| 650 | 0 | _aNational characteristics in art. | |
| 650 | 0 |
_aArt and society _zMexico. |
|
| 655 | 7 |
_aElectronic books. _2local |
|
| 700 | 1 |
_aGood, Carl, _d1965- |
|
| 700 | 1 |
_aWaldron, John V., _d1960- |
|
| 710 | 2 | _aebrary, Inc. | |
| 856 | 4 | 0 |
_uhttp://site.ebrary.com/lib/rucke/Doc?id=10281517 _zAn electronic book accessible through the World Wide Web; click to view |
| 999 |
_c3504 _d3504 |
||